Statistiques concernant They Shoot Pictures, Don't They? - films 461 à 480

Cliquez ici pour prendre le quiz!

Statistiques générales

  • Ce quiz a été pris 28 fois
  • Le résultat moyen est 5 sur 20

Statistiques - réponses

Réponse% Correct
Pinocchio
100%
Carrie au bal du diable
74%
Network
52%
Phantom Thread
52%
À nos amours
35%
Du silence et des ombres
35%
Koyaanisqatsi
30%
Dersou Ouzala
22%
Le train sifflera trois fois
22%
Lola
22%
Senso
17%
The Act of Killing
17%
Syndromes and a Century
13%
Au bord de la mer bleue
9%
Parle avec elle
9%
Épouses et concubines
4%
Gens de Dublin
4%
Paysage dans le brouillard
4%
Madame et ses flirts
0%
Zama
0%

Distribution des résultats

Percentile par nombre de réponses

% des personnes avec chaque résultat

Votre développement - résultats

Vous n’avez pas pris ce quiz